[Event "FIDE TURNIR 2013"]
[Site "Ljubljana"]
[Date "2013.05.21"]
[Round "2.8"]
[White "Vidic, Teja"]
[Black "Novakovic, Gosto"]
[Result "1-0"]
[WhiteElo "1894"]
[BlackElo "1819"]
[PlyCount "89"]
[EventDate "2013.04.17"]

1. e4 c5 2. c3 Nc6 3. d4 d6 4. Be3 b6 5. Nf3 Qc7 6. h3 Bd7 7. Nbd2 g6 8. Be2
Bg7 9. O-O Nf6 10. Nh2 O-O 11. f4 Ne8 12. d5 Nd8 13. Bg4 e6 14. dxe6 fxe6 15.
Qb3 Kh8 16. Rf2 Nf6 17. Raf1 Nxg4 18. hxg4 b5 19. f5 exf5 20. exf5 Be5 21. Bh6
c4 22. Qc2 Rg8 23. f6 Ne6 24. f7 Rgf8 25. Bxf8 Rxf8 26. Nhf3 Bg3 27. Re2 Rxf7
28. Nd4 Nf4 29. Re3 Bh4 30. g3 Nh3+ 31. Kg2 Rxf1 32. Nxf1 Bg5 33. Kxh3 Bxe3 34.
Nxe3 Qb7 35. Qg2 Qc8 36. Qf3 Qe8 37. Qf6+ Kg8 38. Nd5 h5 39. Ne7+ Kh7 40. Ne6
Bxe6 41. Qxe6 d5 42. Kh4 a5 43. gxh5 gxh5 44. Kg5 Qd8 45. Qg6+ 1-0

[Event "FIDE TURNIR 2013"]
[Site "Ljubljana"]
[Date "2013.06.01"]
[Round "2.9"]
[White "Unuk, Robert"]
[Black "Trplan, Filip"]
[Result "1-0"]
[WhiteElo "1458"]
[BlackElo "1324"]
[PlyCount "85"]
[EventDate "2013.04.17"]

1. e4 d6 2. d4 Nf6 3. Nc3 g6 4. Nf3 Bg7 5. Be3 O-O 6. Qd2 Nbd7 7. O-O-O b6 8.
Bh6 c5 9. dxc5 bxc5 10. Bxg7 Kxg7 11. Bc4 Rb8 12. Rhe1 Qb6 13. Na4 Qc6 14. Nc3
Qb6 15. b3 Ba6 16. Na4 Qc6 17. Bd5 Qc7 18. Qc3 c4 19. Bxc4 Bxc4 20. Rd4 Nb6 21.
Nxb6 Qxb6 22. Qxc4 Rfc8 23. Qa4 Qc7 24. Rc4 Qb6 25. Rxc8 Rxc8 26. Qd4 Qc6 27.
c4 e5 28. Qd3 Ng4 29. Re2 Qb6 30. h3 Nf6 31. g4 Nd7 32. Rd2 Rc6 33. g5 Nc5 34.
Qc2 Qb7 35. Rd5 Qd7 36. Nxe5 Qxh3 37. Nxc6 Qe6 38. Qc3+ Kg8 39. Qf6 Qxe4 40.
Ne7+ Kf8 41. Qxd6 Qxe7 42. Qxe7+ Kxe7 43. Rxc5 1-0

[Event "FIDE TURNIR 2013"]
[Site "Ljubljana"]
[Date "2013.05.07"]
[Round "2.10"]
[White "Sajn, Simon"]
[Black "More, Erlend"]
[Result "1-0"]
[WhiteElo "2045"]
[BlackElo "1646"]
[PlyCount "39"]
[EventDate "2013.04.17"]

1. d4 Nf6 2. Nf3 d5 3. e3 Bf5 4. Be2 Nc6 5. O-O e6 6. b3 Bd6 7. Bb2 O-O 8. Nbd2
Ne4 9. c4 b6 10. cxd5 exd5 11. Rc1 Ne7 12. Ne5 Ng6 13. Ndf3 c5 14. dxc5 Bxc5
15. b4 Bxb4 16. Nc6 Qd6 17. Qd4 Nc3 18. Bxc3 Bxc3 19. Rxc3 Rfc8 20. Rfc1 1-0

[Event "FIDE TURNIR 2013"]
[Site "Ljubljana"]
[Date "2013.04.17"]
[Round "2.11"]
[White "Unuk, Laura"]
[Black "Kamensek, Ivan"]
[Result "1-0"]
[WhiteElo "2008"]
[BlackElo "1725"]
[PlyCount "73"]
[EventDate "2013.04.17"]

1. c4 e6 2. Nc3 Nf6 3. g3 d5 4. d4 dxc4 5. Bg2 c5 6. e3 Nc6 7. Nge2 Bd7 8. O-O
Be7 9. e4 cxd4 10. Nxd4 O-O 11. Be3 a6 12. Qe2 Ne5 13. f4 Nd3 14. e5 Nd5 15.
Nxd5 exd5 16. Bxd5 Qc7 17. b3 Rad8 18. Bxc4 Nb4 19. Rfd1 b5 20. Bd3 Nxd3 21.
Qxd3 Bh3 22. Qe4 Bc5 23. Rac1 Qb6 24. Rd3 g6 25. b4 Bxd4 26. Bxd4 Qe6 27. Rd2
Rc8 28. Bc5 Rfd8 29. Rcd1 Rxd2 30. Rxd2 Qf5 31. Qe1 Qe6 32. Qd1 Qc6 33. Rd8+
Kg7 34. Bf8+ Kg8 35. Bh6+ Qe8 36. Rxe8+ Rxe8 37. Qd4 1-0

[Event "FIDE TURNIR 2013"]
[Site "Ljubljana"]
[Date "2013.04.17"]
[Round "2.12"]
[White "Bojko, Filip"]
[Black "Unuk, Jan"]
[Result "1-0"]
[WhiteElo "1509"]
[BlackElo "1573"]
[PlyCount "101"]
[EventDate "2013.04.17"]

1. d4 f5 2. Nc3 Nf6 3. Nf3 e6 4. Bg5 Be7 5. e3 O-O 6. Bd3 d6 7. O-O Nbd7 8. Re1
Nd5 9. Bxe7 Nxe7 10. e4 f4 11. e5 dxe5 12. Nxe5 Nxe5 13. Rxe5 Nc6 14. Qh5 h6
15. Ree1 Nxd4 16. Re5 Nc6 17. Rc5 Qf6 18. Rb1 Qe7 19. Qg6 Rf6 20. Qh7+ Kf7 21.
Rh5 Nd4 22. Re1 c6 23. Ne4 Rf5 24. Rxh6 Nb5 25. Rg6 Qf8 26. Ng5+ Rxg5 27. Rxg5
Nc7 28. Qg6+ Ke7 29. Bc4 Qf6 30. Qxg7+ Qxg7 31. Rxg7+ Kd6 32. Rd1+ Nd5 33. Rf7
e5 34. Rf8 b5 35. Bxd5 cxd5 36. Rd8+ Ke7 37. R1xd5 a6 38. Rh8 Ke6 39. Rc5 Bb7
40. Rxa8 Bxa8 41. Rc8 Bd5 42. a3 Kd7 43. Rh8 Bb7 44. Rh7+ Kc8 45. Rxb7 Kxb7 46.
h4 e4 47. h5 e3 48. fxe3 fxe3 49. h6 e2 50. Kf2 e1=Q+ 51. Kxe1 1-0

[Event "FIDE TURNIR 2013"]
[Site "Ljubljana"]
[Date "2013.05.14"]
[Round "2.13"]
[White "Straze, Matija"]
[Black "Kovacic, Marko"]
[Result "0-1"]
[WhiteElo "1588"]
[BlackElo "1612"]
[PlyCount "120"]
[EventDate "2013.04.17"]

1. e4 e5 2. Nf3 d6 3. h3 h6 4. Nc3 Nf6 5. d3 Nc6 6. Be3 Be6 7. Be2 Be7 8. Qd2
Qd7 9. a3 a6 10. O-O g5 11. Nh2 Nd4 12. Bd1 O-O-O 13. Ne2 Nxe2+ 14. Bxe2 Rdg8
15. c4 Bf8 16. b4 g4 17. hxg4 Nxg4 18. Rfb1 Nxh2 19. Kxh2 Qe7 20. b5 axb5 21.
Rxb5 Qh4+ 22. Kg1 Rxg2+ 23. Kxg2 Rg8+ 24. Bg5 Rxg5+ 25. Qxg5 Qh3+ 26. Kg1 hxg5
27. Rab1 b6 28. a4 Bd7 29. R5b4 d5 30. R4b2 dxc4 31. dxc4 Bxa4 32. Ra2 Bc6 33.
Rba1 Bc5 34. Rd2 Bxe4 35. Bg4+ Qxg4+ 36. Kf1 Qh3+ 37. Ke2 Qf3+ 38. Ke1 Qh1+ 39.
Ke2 Qxa1 40. f3 Bxf3+ 41. Kxf3 Qf1+ 42. Ke4 Qxc4+ 43. Kf3 Qc3+ 44. Ke2 Qxd2+
45. Kxd2 g4 46. Ke2 g3 47. Kf3 Bf2 48. Ke2 b5 49. Kf1 b4 50. Ke2 b3 51. Kf1 b2
52. Kg2 b1=Q 53. Kf3 e4+ 54. Kg4 e3 55. Kf3 Qd1+ 56. Kg2 e2 57. Kh3 e1=Q 58.
Kh4 Qh1+ 59. Kg5 Qhh5+ 60. Kf6 Qd4+ 0-1

[Event "FIDE TURNIR 2013"]
[Site "Ljubljana"]
[Date "2013.04.17"]
[Round "2.14"]
[White "Markosek, Maj"]
[Black "Suljanovic, Zuhdija"]
[Result "0-1"]
[WhiteElo "1656"]
[BlackElo "1926"]
[PlyCount "140"]
[EventDate "2013.04.17"]

1. d4 Nf6 2. c4 d5 3. cxd5 Qxd5 4. Nc3 Qa5 5. Nf3 Bf5 6. e3 e6 7. Bc4 c6 8. O-O
Be7 9. Re1 Ne4 10. Bd2 Nxd2 11. Qxd2 Nd7 12. e4 Bg4 13. d5 Bxf3 14. gxf3 Ne5
15. Qe2 Nxc4 16. Qxc4 Qb4 17. Qe2 O-O 18. a3 Qd4 19. f4 exd5 20. Rad1 Qf6 21.
exd5 Bd6 22. Qg4 Bxf4 23. d6 Bxd6 24. Ne4 Qf4 25. Qxf4 Bxf4 26. Nc5 b6 27. Nd3
Bd6 28. b4 a5 29. Rc1 Rfc8 30. Re4 axb4 31. axb4 c5 32. bxc5 Bxc5 33. Rec4 Ra5
34. Kg2 f6 35. Nb2 Rd8 36. Na4 Rd5 37. Nc3 Rd4 38. Rxd4 Bxd4 39. Ne4 Bc5 40.
Rd1 Ra2 41. Nxc5 bxc5 42. Rc1 Ra5 43. Kf3 Kf7 44. Ke4 Ke6 45. Rc2 Ra4+ 46. Ke3
Kd5 47. f4 Ra3+ 48. Kf2 c4 49. Re2 c3 50. Ke1 Ra1+ 51. Kf2 Kd4 52. Kf3 Rf1+ 53.
Kg2 Rxf4 54. Kg3 Re4 55. Rc2 Kd3 56. Rc1 c2 57. h3 Kd2 58. Ra1 c1=Q 59. Rxc1
Kxc1 60. Kf3 Ra4 61. Kg3 Kd2 62. Kf3 g5 63. Kg3 Ke3 64. Kg2 h5 65. Kg3 f5 66.
Kg2 Ra2+ 67. Kg1 Kf3 68. h4 g4 69. Kh1 Kg3 70. Kg1 Ra1# 0-1

[Event "FIDE TURNIR 2013"]
[Site "Ljubljana"]
[Date "2013.05.25"]
[Round "2.15"]
[White "Cop, Jaka"]
[Black "Hrescak, Ivana"]
[Result "1-0"]
[WhiteElo "1703"]
[BlackElo "1786"]
[PlyCount "83"]
[EventDate "2013.04.17"]

1. e4 g6 2. d4 Bg7 3. Nf3 d6 4. Nc3 Nf6 5. h3 O-O 6. Be3 Nbd7 7. Bc4 e5 8. dxe5
dxe5 9. Qe2 c6 10. Bb3 Qe7 11. a4 Nc5 12. Nd2 Rd8 13. O-O-O b6 14. f3 Nxb3+ 15.
Nxb3 Be6 16. Kb1 Qb4 17. Nc1 Ne8 18. Nd3 Qe7 19. g4 Nd6 20. Bc1 a6 21. h4 h6
22. Qh2 Bd7 23. b3 b5 24. Ba3 Be8 25. Rd2 a5 26. Bc5 Qe6 27. Bb6 Rdc8 28. Nc5
Qe7 29. Rhd1 Nb7 30. Nxb7 Qxb7 31. Bc5 bxa4 32. Nxa4 Qb5 33. Ka2 Rab8 34. h5 g5
35. Qe2 Bf8 36. Qe3 Kg7 37. Qc3 f6 38. Bxf8+ Kxf8 39. Qc5+ Kf7 40. Rd7+ Kg8 41.
Qe7 Bxd7 42. Rxd7 1-0

[Event "FIDE TURNIR 2013"]
[Site "Ljubljana"]
[Date "2013.04.17"]
[Round "2.16"]
[White "Subelj, Jan"]
[Black "Bogataj, Tomaz"]
[Result "1-0"]
[WhiteElo "1503"]
[BlackElo "1723"]
[PlyCount "117"]
[EventDate "2013.04.17"]

1. e4 e6 2. d4 d5 3. exd5 exd5 4. Nf3 Bf5 5. Bd3 Bxd3 6. Qxd3 c6 7. O-O Nf6 8.
Re1+ Be7 9. Bg5 O-O 10. Nc3 Nbd7 11. Re2 Bd6 12. Rae1 Qc7 13. a3 h6 14. Bh4 b5
15. Bg3 Bxg3 16. hxg3 Rfe8 17. Nh4 Rxe2 18. Rxe2 Re8 19. Nf5 Nf8 20. Kf1 Rxe2
21. Qxe2 Ne6 22. Qe5 Kf8 23. Qe3 Ng4 24. Qe2 h5 25. Qd3 g6 26. Ne3 Nf6 27. Ne2
Kg7 28. Qc3 Ne4 29. Qd3 f5 30. Nc3 Nxc3 31. Qxc3 f4 32. gxf4 Qxf4 33. Qxc6 Nxd4
34. Qxd5 Nf5 35. Qd7+ Kh6 36. Nxf5+ gxf5 37. Qe6+ Kg5 38. Qg8+ Kf6 39. Qf8+ Kg6
40. Qe8+ Kg5 41. Qe3 Qxe3 42. fxe3 h4 43. Kf2 Kf6 44. b3 a5 45. c3 Ke6 46. Kf3
Ke5 47. a4 bxa4 48. bxa4 Kf6 49. Kf4 Ke6 50. c4 Kf6 51. c5 Ke6 52. e4 fxe4 53.
Kxe4 Kd7 54. Kd5 Kc7 55. c6 Kc8 56. Kc5 Kb8 57. Kb6 Kc8 58. Kxa5 Kc7 59. Kb5
1-0

[Event "FIDE TURNIR 2013"]
[Site "Ljubljana"]
[Date "2013.04.17"]
[Round "2.17"]
[White "Krejic, Nik"]
[Black "Drobnic, Simona"]
[Result "1-0"]
[WhiteElo "1603"]
[BlackElo "1347"]
[PlyCount "35"]
[EventDate "2013.04.17"]

1. d4 d6 2. c4 Nf6 3. Nc3 Nbd7 4. Nf3 e5 5. dxe5 dxe5 6. Bg5 Be7 7. e4 h6 8.
Bh4 O-O 9. Qc2 Nc5 10. Rd1 Bd7 11. Nxe5 Re8 12. b4 Ncxe4 13. Bxf6 Bxf6 14. Rxd7
Qxd7 15. Nxd7 Ng3+ 16. Ne2 Nxh1 17. Nxf6+ gxf6 18. g3 1-0

[Event "FIDE TURNIR 2013"]
[Site "Ljubljana"]
[Date "2013.04.17"]
[Round "2.18"]
[White "Marn, Jan"]
[Black "Susa, Maks"]
[Result "0-1"]
[WhiteElo "1384"]
[BlackElo "1376"]
[PlyCount "68"]
[EventDate "2013.04.17"]

1. e4 e5 2. Nf3 Nc6 3. Bc4 Bc5 4. O-O d6 5. h3 Nf6 6. d3 O-O 7. Bg5 Be6 8. Bb3
a5 9. Nc3 Nd4 10. Nd2 c6 11. Kh1 h6 12. Bh4 b5 13. a3 a4 14. Ba2 Bxa2 15. Rxa2
Qe7 16. f4 exf4 17. Bf2 Qe5 18. Nf3 Nxf3 19. Qxf3 Bxf2 20. Rxf2 Nh5 21. Ne2
Ng3+ 22. Nxg3 fxg3 23. Re2 f5 24. exf5 Qxf5 25. Qxf5 Rxf5 26. Ra1 Raf8 27. Kg1
Rf2 28. Rae1 d5 29. b3 b4 30. Re8 bxa3 31. Rxf8+ Kxf8 32. Ra1 axb3 33. cxb3 a2
34. d4 Rb2 0-1

[Event "FIDE TURNIR 2013"]
[Site "Ljubljana"]
[Date "2013.04.17"]
[Round "2.19"]
[White "Siraj, Anej"]
[Black "Straze, Jurij"]
[Result "1/2-1/2"]
[WhiteElo "1460"]
[BlackElo "1353"]
[PlyCount "126"]
[EventDate "2013.04.17"]

1. e4 c6 2. d4 d5 3. Nc3 dxe4 4. Nxe4 Nf6 5. Bd3 Qxd4 6. Nf3 Qd8 7. O-O Nxe4 8.
Bxe4 Qc7 9. Be3 Bg4 10. h3 Bh5 11. Bd3 e6 12. Be2 Bd6 13. Nd4 Bg6 14. Qd2 O-O
15. Rad1 Be5 16. Nf3 Bxb2 17. Qb4 Bf6 18. Bd4 Bxd4 19. Rxd4 c5 20. Qc4 Na6 21.
Rd2 Rad8 22. Rfd1 Rxd2 23. Rxd2 Rd8 24. Qc3 Rxd2 25. Qxd2 Nb4 26. c3 Nd5 27.
Bc4 Be4 28. Ng5 Qe5 29. Bxd5 Bxd5 30. c4 Qa1+ 31. Kh2 Qe5+ 32. g3 h6 33. cxd5
hxg5 34. d6 Qf6 35. d7 Qd8 36. Qd6 c4 37. Qd1 c3 38. Qa4 c2 39. Qxc2 Qxd7 40.
Qb2 Qd5 41. Qa3 Qd4 42. Kg2 a6 43. Qe7 Qf6 44. Qxb7 e5 45. Qb8+ Kh7 46. Qb1+
Kh6 47. Qc1 Qe6 48. a3 Qd5+ 49. Kg1 Qf3 50. h4 Qg4 51. Qc6+ Qe6 52. hxg5+ Kxg5
53. Qc1+ Kg6 54. Qc2+ Kh6 55. Qc1+ g5 56. Kg2 Qd5+ 57. Kh2 e4 58. Qh1 Kg6 59.
Qb1 Qf5 60. Qb2 Qf6 61. Qc2 Qh8+ 62. Kg2 Qe5 63. Qc6+ Qe6 1/2-1/2

[Event "FIDE TURNIR 2013"]
[Site "Ljubljana"]
[Date "2013.04.17"]
[Round "2.20"]
[White "Drobnic, Rok"]
[Black "Malkoc, Tilen"]
[Result "0-1"]
[WhiteElo "1235"]
[BlackElo "1337"]
[PlyCount "46"]
[EventDate "2013.04.17"]

1. e4 e5 2. Nf3 d6 3. d4 Nd7 4. Bc4 c6 5. Nc3 Be7 6. O-O Ngf6 7. Be3 b5 8. Bd3
O-O 9. Ne2 Ng4 10. Bd2 Qc7 11. Ng3 Ngf6 12. Qe2 a5 13. c4 b4 14. a3 b3 15. Nf5
Nb6 16. a4 Bxf5 17. exf5 Nbd7 18. Ra3 d5 19. c5 e4 20. Bxe4 Nxe4 21. Rxb3 Nxd2
22. Qxd2 Bf6 23. Re1 Rfe8 0-1

[Event "FIDE TURNIR 2013"]
[Site "Ljubljana"]
[Date "2013.04.24"]
[Round "3.1"]
[White "Bratkovic, Jakob"]
[Black "Unuk, Laura"]
[Result "1-0"]
[WhiteElo "1949"]
[BlackElo "2008"]
[PlyCount "161"]
[EventDate "2013.04.24"]

1. e4 c5 2. Nf3 d6 3. d4 cxd4 4. Nxd4 Nf6 5. Nc3 a6 6. Be3 e5 7. Nb3 Be6 8. f4
Nbd7 9. f5 Bxb3 10. axb3 Rc8 11. Be2 Qc7 12. O-O Be7 13. Qe1 Nc5 14. Bf3 Qc6
15. Rd1 b5 16. Bf2 g5 17. g3 h6 18. Bg2 Ncd7 19. Qe2 Bd8 20. Rd2 Bb6 21. Rfd1
Bc5 22. Nd5 Rd8 23. Bxc5 Qxc5+ 24. Kh1 Ng8 25. Rd3 Ndf6 26. Rc3 Qa7 27. Nb4 Qb7
28. Nc6 Rd7 29. Na5 Qb8 30. Rc6 Ne7 31. Rxa6 O-O 32. Nc6 Nxc6 33. Rxc6 Rc8 34.
Rxc8+ Qxc8 35. c4 Qc5 36. cxb5 Rb7 37. Qc4 Rxb5 38. Bf1 Qxc4 39. Bxc4 Rb6 40.
Re1 Nd7 41. Ra1 Nf6 42. Ra7 Nxe4 43. Rxf7 Kh8 44. Bd5 Nf2+ 45. Kg1 Ng4 46. f6
Rb8 47. Be6 Ne3 48. Rd7 Rf8 49. f7 d5 50. Bxd5 Nxd5 51. Rxd5 Rxf7 52. Rxe5 Rf3
53. Rb5 Kg7 54. Kg2 g4 55. h3 Rd3 56. hxg4 Kg6 57. Kh3 Rd2 58. b4 Rxb2 59. Rb6+
Kg7 60. b5 Rc2 61. Rc6 Rb2 62. b6 Ra2 63. g5 hxg5 64. Kg4 Ra5 65. Kh5 Rb5 66.
g4 Kf7 67. Kh6 Ke7 68. Kg6 Kd7 69. Rf6 Ke8 70. Kg7 Ke7 71. b7 Kd7 72. Rf7+ Ke6
73. Kf8 Rb1 74. Ke8 Rb2 75. Rh7 Rb1 76. Kd8 Kd6 77. Rd7+ Ke5 78. Kc8 Kf4 79.
Rd4+ Ke5 80. Rc4 Kd5 81. Rc2 1-0

[Event "FIDE TURNIR 2013"]
[Site "Ljubljana"]
[Date "2013.04.24"]
[Round "3.2"]
[White "Vidic, Teja"]
[Black "Bratkovic, Sham"]
[Result "0-1"]
[WhiteElo "1894"]
[BlackElo "1956"]
[PlyCount "41"]
[EventDate "2013.04.24"]

1. e4 c5 2. Nc3 Nc6 3. Bb5 Nd4 4. Bc4 g6 5. Nge2 Bg7 6. O-O e6 7. d3 Ne7 8. Bg5
h6 9. Bh4 g5 10. Bg3 Ng6 11. Nxd4 cxd4 12. Nb5 Nf4 13. Nd6+ Ke7 14. Nb5 a6 15.
Na3 h5 16. Bxf4 gxf4 17. Nb1 Bf6 18. Qf3 e5 19. h3 d6 20. c3 Qg8 21. cxd4 0-1

[Event "FIDE TURNIR 2013"]
[Site "Ljubljana"]
[Date "2013.04.24"]
[Round "3.3"]
[White "Milicevic, David"]
[Black "Drobnic, Milan"]
[Result "1/2-1/2"]
[WhiteElo "1660"]
[BlackElo "1789"]
[PlyCount "38"]
[EventDate "2013.04.24"]

1. d4 Nf6 2. Nf3 e6 3. Bf4 b6 4. e3 Bb7 5. h3 Be7 6. Be2 O-O 7. O-O d5 8. Nbd2
c5 9. c3 Nbd7 10. Qc2 Ne4 11. Nxe4 dxe4 12. Ne5 cxd4 13. exd4 Nxe5 14. Bxe5 Bd6
15. Bxd6 Qxd6 16. a4 f5 17. Qb3 Rf6 18. f4 Rg6 19. Qd1 Rc8 1/2-1/2

[Event "FIDE TURNIR 2013"]
[Site "Ljubljana"]
[Date "2013.04.24"]
[Round "3.4"]
[White "Ocepek, Jan"]
[Black "Trcek, Alojzij"]
[Result "1/2-1/2"]
[WhiteElo "1500"]
[BlackElo "1657"]
[PlyCount "51"]
[EventDate "2013.04.24"]

1. e4 c5 2. Nf3 Nc6 3. d4 cxd4 4. Nxd4 e5 5. Nf3 Nf6 6. Nc3 Be7 7. Bd3 d6 8. h3
O-O 9. O-O Be6 10. Bg5 Nb4 11. a3 Nxd3 12. Qxd3 Rc8 13. Rfd1 Bc4 14. Qd2 Ne8
15. Bxe7 Qxe7 16. Rac1 Kh8 17. Nd5 Bxd5 18. Qxd5 Rc6 19. Kh1 f5 20. exf5 Rxf5
21. Kg1 Nf6 22. Qd2 Nh5 23. Qe3 Nf4 24. Kf1 Qf8 25. Rd2 h6 26. Nh4 1/2-1/2

[Event "FIDE TURNIR 2013"]
[Site "Ljubljana"]
[Date "2013.04.24"]
[Round "3.5"]
[White "More, Erlend"]
[Black "Korosec, Stefan"]
[Result "1-0"]
[WhiteElo "1646"]
[BlackElo "1727"]
[PlyCount "105"]
[EventDate "2013.04.24"]

1. d4 Nf6 2. c4 g6 3. Nc3 Bg7 4. e4 d6 5. f3 O-O 6. Be3 a6 7. Qd2 Nbd7 8. g4 e5
9. d5 Qe7 10. h4 Rd8 11. h5 c6 12. hxg6 fxg6 13. Be2 Nf8 14. O-O-O Bd7 15. Nh3
c5 16. Ng5 b5 17. cxb5 axb5 18. Kb1 Rdb8 19. Rdg1 b4 20. Nd1 Ra5 21. Bc4 Bb5
22. Bxb5 Rbxb5 23. b3 Qa7 24. Rh2 Rb8 25. Ne6 Ra8 26. Nxg7 Qxg7 27. Qe1 Qa7 28.
Rgg2 Qa6 29. Rd2 Qb7 30. Qh4 Qf7 31. Nf2 Ne8 32. Qg3 Nc7 33. Bh6 Nb5 34. Nd3
Nd4 35. Bxf8 Rxf8 36. Rdf2 Qa7 37. f4 Nxb3 38. fxe5 Nd2+ 39. Rxd2 Rf1+ 40. Nc1
Ra3 41. Qh4 b3 42. Rhf2 bxa2+ 43. Rxa2 Rb3+ 44. Rfb2 Qb8 45. Qg5 c4 46. Rxb3
Qxb3+ 47. Rb2 Qd3+ 48. Ka2 Qxe4 49. Rb8+ Kg7 50. Rb7+ Kg8 51. Rb8+ Kg7 52. Rb2
c3 53. Rb8 1-0

[Event "FIDE TURNIR 2013"]
[Site "Ljubljana"]
[Date "2013.04.24"]
[Round "3.6"]
[White "Pridigar, Lovro"]
[Black "Unuk, Robert"]
[Result "0-1"]
[WhiteElo "1558"]
[BlackElo "1458"]
[PlyCount "106"]
[EventDate "2013.04.24"]

1. d4 d5 2. c4 e5 3. dxe5 d4 4. Nf3 Nc6 5. e3 Bb4+ 6. Bd2 dxe3 7. Bxb4 exf2+ 8.
Ke2 Qxd1+ 9. Kxd1 Nxb4 10. Nc3 Bf5 11. Ke2 O-O-O 12. Kxf2 h6 13. Be2 Ne7 14.
Rhd1 g5 15. a3 Nd3+ 16. Bxd3 Rxd3 17. Nd4 Rd8 18. Nxf5 Nxf5 19. Rxd3 Rxd3 20.
Rd1 Rxd1 21. Nxd1 Kd7 22. g4 Nh4 23. Ke3 Ke6 24. Ke4 Ng6 25. Ne3 Nxe5 26. b3
Nxg4 27. Nxg4 f5+ 28. Kf3 fxg4+ 29. Kxg4 Kf6 30. h3 Kg6 31. b4 h5+ 32. Kf3 Kf5
33. a4 Ke5 34. a5 b6 35. a6 Kd4 36. c5 bxc5 37. bxc5 g4+ 38. hxg4 hxg4+ 39.
Kxg4 Kxc5 40. Kf4 Kb6 41. Ke5 Kxa6 42. Kd5 Kb5 43. Kd4 Kb4 44. Kd3 Kb3 45. Kd2
a5 46. Kc1 c5 47. Kb1 a4 48. Ka1 Kc2 49. Ka2 c4 50. Ka1 c3 51. Ka2 Kd2 52. Kb1
c2+ 53. Ka2 c1=R 0-1

[Event "FIDE TURNIR 2013"]
[Site "Ljubljana"]
[Date "2013.04.24"]
[Round "3.7"]
[White "Novak, Anze"]
[Black "Subelj, Jan"]
[Result "1/2-1/2"]
[WhiteElo "1500"]
[BlackElo "1503"]
[PlyCount "104"]
[EventDate "2013.04.24"]

1. d4 d5 2. Nf3 Nc6 3. Bf4 Bf5 4. e3 e6 5. c3 Bd6 6. Bxd6 Qxd6 7. Nbd2 Nf6 8.
h3 O-O 9. Be2 Rfe8 10. O-O e5 11. Bb5 e4 12. Ne5 a6 13. Bxc6 bxc6 14. Nb3 Nd7
15. Nxd7 Bxd7 16. Nc5 Bc8 17. a4 Rb8 18. b4 Qg6 19. Kh1 Rf8 20. Qe2 Ra8 21. c4
f5 22. f4 Rf6 23. Rg1 Qg3 24. Qe1 Rg6 25. cxd5 cxd5 26. a5 Rb8 27. Rb1 h5 28.
Qxg3 Rxg3 29. Rb3 Kf7 30. h4 Ke7 31. Kh2 Rg4 32. g3 Kd6 33. Rc1 c6 34. Rb2 Kc7
35. Kg2 Rg6 36. Kf2 Bb7 37. Rcb1 Rf8 38. Rg1 Rff6 39. Rbb1 Rg4 40. Rh1 Rfg6 41.
Rhg1 Kb8 42. Nd7+ Kc7 43. Ne5 Kd6 44. Nxg4 Rxg4 45. Rgc1 Kd7 46. Rc2 Rg6 47.
Rbc1 Rf6 48. Rc5 g6 49. Ra1 Re6 50. Ke2 Rf6 51. Kd2 Re6 52. Rac1 Rf6 1/2-1/2

[Event "FIDE TURNIR 2013"]
[Site "Ljubljana"]
[Date "2013.04.24"]
[Round "3.8"]
[White "Suljanovic, Zuhdija"]
[Black "Sajn, Simon"]
[Result "0-1"]
[WhiteElo "1926"]
[BlackElo "2045"]
[PlyCount "92"]
[EventDate "2013.04.24"]

1. e4 d6 2. d4 g6 3. Nf3 Bg7 4. Bc4 Nf6 5. Nc3 O-O 6. Bf4 c6 7. Qd2 b5 8. Bd3
b4 9. Ne2 Qb6 10. a3 bxa3 11. bxa3 Bg4 12. Qe3 Nh5 13. c3 Bxf3 14. Qxf3 Nxf4
15. Qxf4 e5 16. Qe3 exd4 17. cxd4 c5 18. O-O cxd4 19. Qf4 Nd7 20. Rab1 Qc7 21.
Rfc1 Nc5 22. Bc4 Rab8 23. Rxb8 Qxb8 24. Rd1 Be5 25. Qf3 Qb2 26. Nf4 Qc2 27. Bd5
Bxf4 28. Rxd4 Be5 29. Rd1 Qc3 30. Qg4 Kg7 31. f4 Qe3+ 32. Kh1 Qxf4 33. Qxf4
Bxf4 34. g3 Be5 35. Rb1 Kf6 36. Kg2 Ke7 37. g4 f6 38. h3 Kd7 39. Rf1 Rb8 40. g5
Rb2+ 41. Kh1 Ke7 42. Kg1 Bd4+ 43. Kh1 Rf2 44. gxf6+ Kxf6 45. Rb1 Ke5 46. Rb8
Nxe4 0-1

[Event "FIDE TURNIR 2013"]
[Site "Ljubljana"]
[Date "2013.04.24"]
[Round "3.9"]
[White "Krejic, Nik"]
[Black "Jelen, Miha"]
[Result "0-1"]
[WhiteElo "1603"]
[BlackElo "1544"]
[PlyCount "60"]
[EventDate "2013.04.24"]

1. d4 d5 2. c4 e6 3. Nc3 c5 4. cxd5 exd5 5. dxc5 d4 6. Ne4 Nf6 7. Bg5 Bf5 8.
Nxf6+ gxf6 9. Bf4 Bxc5 10. a3 Nc6 11. Nf3 O-O 12. Qd2 Qd7 13. Rc1 Bb6 14. h3
Rfe8 15. g4 Be4 16. Bg2 Na5 17. Qd1 Qd5 18. O-O Nb3 19. Rc2 Bxc2 20. Qxc2 Rac8
21. Qd3 Qe4 22. Qxb3 Qxf4 23. Qd1 Re7 24. Re1 Rd8 25. Qd3 Qe4 26. Qd2 Rc8 27.
Qd1 Qc2 28. Qxc2 Rxc2 29. b4 Rexe2 30. Rf1 d3 0-1

[Event "FIDE TURNIR 2013"]
[Site "Ljubljana"]
[Date "2013.05.07"]
[Round "3.10"]
[White "Malkoc, Tilen"]
[Black "Susa, Maks"]
[Result "0-1"]
[WhiteElo "1337"]
[BlackElo "1376"]
[PlyCount "108"]
[EventDate "2013.04.24"]

1. e4 e5 2. Nf3 Nc6 3. d4 exd4 4. Bc4 Bb4+ 5. c3 dxc3 6. O-O Nge7 7. Qb3 O-O 8.
Bg5 cxb2 9. Qxb2 d6 10. Nc3 Bxc3 11. Qxc3 Be6 12. Nd4 Nxd4 13. Qxd4 Bxc4 14.
Qxc4 Qd7 15. Rab1 Rab8 16. Rfc1 Nc6 17. Rd1 Ne5 18. Qd5 Qc6 19. Rbc1 Qxd5 20.
Rxd5 Rfc8 21. Bf4 f6 22. Be3 a6 23. Rd2 b5 24. h3 Nc4 25. Rdc2 Nxe3 26. fxe3 c5
27. Rd2 Rc6 28. Rd5 Kf7 29. Rcd1 Ke7 30. g4 h6 31. h4 g5 32. hxg5 hxg5 33. e5
fxe5 34. Rf1 Rf8 35. Rf5 Rxf5 36. gxf5 Kf6 37. e4 c4 38. Rd2 c3 39. Rc2 b4 40.
Kf1 a5 41. Ke1 Rc4 42. Kd1 Rxe4 43. a3 Rd4+ 44. Ke1 Rc4 45. axb4 axb4 46. Kd1
b3 47. Rh2 c2+ 48. Kc1 b2+ 49. Kxb2 c1=Q+ 50. Kb3 Qc3+ 51. Ka2 Ra4+ 52. Kb1
Rb4+ 53. Ka2 Qb3+ 54. Ka1 Qb1# 0-1

[Event "FIDE TURNIR 2013"]
[Site "Ljubljana"]
[Date "2013.04.24"]
[Round "3.11"]
[White "Sketa, Mark"]
[Black "Piciga, Aleksander"]
[Result "0-1"]
[WhiteElo "1501"]
[BlackElo "1368"]
[PlyCount "54"]
[EventDate "2013.04.24"]

1. e4 e6 2. d4 d5 3. exd5 exd5 4. Be3 Nf6 5. Nc3 Bb4 6. Qd3 O-O 7. a3 Ba5 8.
O-O-O c6 9. h4 b5 10. f3 Ba6 11. b4 Re8 12. g4 Qe7 13. Bf4 Bc7 14. Bxc7 Qxc7
15. Nh3 Qe7 16. Kb2 Bc8 17. Bg2 a5 18. Rde1 Be6 19. Na2 axb4 20. axb4 Qa7 21.
Ra1 Nbd7 22. Nf4 Nb6 23. g5 Nc4+ 24. Kb1 Nd7 25. h5 Bf5 26. Qd1 Na3+ 27. Kc1
Nxc2 0-1

[Event "FIDE TURNIR 2013"]
[Site "Ljubljana"]
[Date "2013.04.24"]
[Round "3.12"]
[White "Cerne, Peter"]
[Black "Bojko, Filip"]
[Result "0-1"]
[WhiteElo "1417"]
[BlackElo "1509"]
[PlyCount "84"]
[EventDate "2013.04.24"]

1. e4 e5 2. Nf3 Nc6 3. Bb5 d6 4. d4 Bg4 5. d5 Bxf3 6. Qxf3 a6 7. Bxc6+ bxc6 8.
dxc6 Rb8 9. Qf5 Ne7 10. Qg4 h6 11. O-O Nxc6 12. c3 Be7 13. b3 g5 14. Nd2 h5 15.
Qe2 g4 16. Nc4 Qd7 17. Ne3 Rg8 18. Nf5 h4 19. g3 h3 20. Qxa6 Bf6 21. Rd1 Rb6
22. Qe2 Ne7 23. Be3 Rb8 24. Nxe7 Bxe7 25. c4 f5 26. f4 gxf3 27. Qxf3 f4 28. Bf2
fxg3 29. Bxg3 Qe6 30. Qh5+ Kd7 31. c5 Rg5 32. Qe2 Rg4 33. Rac1 Bh4 34. c6+ Ke7
35. Rc3 Rbg8 36. Rdd3 Qg6 37. Qe1 Rxe4 38. Re3 Bxg3 39. Qxg3 Rg4 40. Kf2 Rxg3
41. Rxg3 Qf5+ 42. Rcf3 Qc2+ 0-1

[Event "FIDE TURNIR 2013"]
[Site "Ljubljana"]
[Date "2013.04.24"]
[Round "3.13"]
[White "Hrescak, Ivana"]
[Black "Novakovic, Gosto"]
[Result "1-0"]
[WhiteElo "1786"]
[BlackElo "1819"]
[PlyCount "133"]
[EventDate "2013.04.24"]

1. d4 d5 2. c4 Nf6 3. Nc3 e6 4. Bg5 Be7 5. e3 O-O 6. Nf3 c5 7. cxd5 Nxd5 8.
Bxe7 Qxe7 9. Nxd5 exd5 10. dxc5 Qxc5 11. Bd3 Bg4 12. O-O Nd7 13. Bxh7+ Kh8 14.
Bd3 Ne5 15. Be2 Bxf3 16. Bxf3 Nxf3+ 17. Qxf3 Rad8 18. a3 Rd6 19. Rfd1 d4 20.
exd4 Rxd4 21. Rxd4 Qxd4 22. Qxb7 Rd8 23. h3 Rd7 24. Qb5 Re7 25. Qh5+ Kg8 26.
Rd1 Qb6 27. Qg5 Re8 28. b4 g6 29. Qc5 Qxc5 30. bxc5 Rc8 31. Rc1 Rc6 32. Kf1 Kf8
33. Ke2 Ke7 34. Kd3 Kd7 35. Kd4 Rf6 36. c6+ Kc7 37. f3 Rd6+ 38. Ke3 Re6+ 39.
Kf4 f6 40. h4 Re5 41. g4 Ra5 42. Rc3 a6 43. Kg3 Rb5 44. Re3 Ra5 45. Re7+ Kxc6
46. Re6+ Kd7 47. Rxf6 Rxa3 48. Rxg6 a5 49. h5 Ra1 50. h6 Rh1 51. Ra6 a4 52.
Ra7+ Kc6 53. Rxa4 Kb5 54. Rf4 Rxh6 55. Rf5+ Kc6 56. g5 Rh1 57. Kf4 Rg1 58. Rf6+
Kd7 59. Kf5 Rb1 60. f4 Ke8 61. Kg6 Rb7 62. f5 Rc7 63. Rb6 Rc8 64. f6 Kf8 65.
Rb7 Kg8 66. Rg7+ Kh8 67. Rh7+ 1-0